000 01110cam a22003255i 4500
999 _c127677
_d127677
001 18112729
003 ARRUPE
005 20180315150713.0
008 140411r20142001enk b 001 0 eng
010 _a 2013431254
020 _a9781781681541 (pbk)
020 _a1781681546 (pbk)
040 _aDLC
_beng
_cDLC
_erda
_dDLC
042 _apcc
050 _aHX73
_b.L33 2014
100 1 _aLaclau, Ernesto,
_d1935-2014.
_940715
245 1 0 _aHegemony and socialist strategy :
_btowards a radical democratic politics /
_cErnesto Laclau and Chantal Mouffe.
250 _a2nd ed.
260 _aLondon ;
_bVerso,
_c2014.
300 _axxv, 197 p. ;
_c20 cm.
490 0 _aRadical thinkers
500 _aReprint. Originally published: c2001.
504 _aIncludes bibliographical references (p. [179]-193) and index.
650 0 _aSocialism
_xPhilosophy.
_933693
700 1 _aMouffe, Chantal.
_97702
906 _a0
_bibc
_corigres
_d2
_encip
_f20
_gy-gencatlg
942 _2lcc
_cMONOGRAPH